Top 15 des pays avec les décès de Covid-19 - 2 juillet - Statistiques

Statistiques générales
  • Ce quiz a été pris 44 fois
  • Le résultat moyen est 13 sur 20
Statistiques - réponses
pays % Correct
Etats-Unis
100%
France
100%
Russie
91%
Brésil
89%
Canada
86%
Allemagne
83%
Espagne
83%
Italie
83%
Royaume-Uni
83%
Mexique
80%
Belgique
69%
Inde
66%
Suède
63%
Suisse
60%
Pays-Bas
49%
Irlande
46%
Chili
26%
Iran
26%
Pérou
26%
Équateur
17%
Aucun quiz correspondant
Distribution des résultats
% des personnes avec chaque résultat
Percentile par nombre de réponses
Votre historique - résultats
Vous n’avez pas pris ce quiz